Success in AQA language and literature / (Record no. 2953)
[ view plain ]
| 000 -LEADER | |
|---|---|
| fixed length control field | 00549nam a22001937a 4500 |
| 003 - CONTROL NUMBER IDENTIFIER | |
| control field | OSt |
| 005 - DATE AND TIME OF LATEST TRANSACTION | |
| control field | 20151028161008.0 |
| 008 - FIXED-LENGTH DATA ELEMENTS--GENERAL INFORMATION | |
| fixed length control field | 130621t xxu||||| |||| 00| 0 eng d |
| 022 ## - INTERNATIONAL STANDARD SERIAL NUMBER | |
| Source | 9780198314790 |
| 050 ## - LIBRARY OF CONGRESS CALL NUMBER | |
| Classification number | PL 342 |
| Item number | .C941 2004 |
| 082 ## - DEWEY DECIMAL CLASSIFICATION NUMBER | |
| Classification number | IB 418.0071 |
| Item number | C87s 2004 |
| 100 ## - MAIN ENTRY--PERSONAL NAME | |
| Personal name | Croft, Steven |
| 245 ## - TITLE STATEMENT | |
| Title | Success in AQA language and literature / |
| Statement of responsibility, etc | Steven Croft and Robert Myers |
| 260 ## - PUBLICATION, DISTRIBUTION, ETC. (IMPRINT) | |
| Place of publication, distribution, etc | New York : |
| Name of publisher, distributor, etc | Oxford University Press, |
| Date of publication, distribution, etc | c2004 |
| 300 ## - PHYSICAL DESCRIPTION | |
| Extent | v, 154 p. : |
| Other physical details | ill. ; |
| Dimensions | 25 cm. |
| 562 ## - COPY AND VERSION IDENTIFICATION NOTE | |
| Number of copies | 1 |
| 942 ## - ADDED ENTRY ELEMENTS (KOHA) | |
| Source of classification or shelving scheme | Library of Congress Classification |
| Koha item type | Books |
| Withdrawn status | Lost status | Source of classification or shelving scheme | Damaged status | Home library | Current library | Shelving location | Date acquired | Total Checkouts | Full call number | Barcode | Date last seen | Copy number | Price effective from | Koha item type |
|---|---|---|---|---|---|---|---|---|---|---|---|---|---|---|
| Library of Congress Classification | Luxembourg Library | Luxembourg Library | International Baccalaureate Section | 06/21/2013 | PL 342 .C941 2004 | 16040 | 08/13/2013 | 1 | 06/21/2013 | Books |